| 000 | 00662agm a2200253 4500 | ||
|---|---|---|---|
| 005 | 20170619102326.0 | ||
| 008 | 150507b xxu||||| |||| 00| 0 spa d | ||
| 041 | _aspa | ||
| 082 | _a279 DVD | ||
| 245 | _aCordillera Volcánica Central de Costa Rica | ||
| 260 | _aCosta Rica | ||
| 260 | _bMertec | ||
| 260 | _c2001 | ||
| 300 | _a47 minutos | ||
| 650 |
_aCOSTA RICA _943162 |
||
| 650 |
_aVOLCANES _91142 |
||
| 650 |
_aCORDILLERA VOLCÁNICA CENTRAL _91729 |
||
| 650 |
_aVOLCÁN IRAZÚ _91724 |
||
| 650 |
_aVOLCÁN POÁS _91143 |
||
| 650 |
_aVOLCÁN TURRIALBA _91726 |
||
| 650 |
_aVOLCÁN ARENAL _91722 |
||
| 650 |
_a BIODIVERSIDAD _91061 |
||
| 942 | _cDVD | ||
| 999 |
_c9573 _d9573 |
||